Normal view
MARC view
- تأليف قندلجي ، عامر ابراهيم/م مشارك:ايمان فاضل
Entry Personal Name
001 - CONTROL NUMBER
- control field: 27791
003 - CONTROL NUMBER IDENTIFIER
- control field: JO-AjAnu
005 - DATE AND TIME OF LATEST TRANSACTION
- control field: 20230606074721.0
008 - FIXED-LENGTH DATA ELEMENTS
- fixed length control field: 230606|| aca||aabn | a|a d
040 ## - CATALOGING SOURCE
- Original cataloging agency: JO-AjAnu
- Transcribing agency: JO-AjAnu
100 ## - HEADING--PERSONAL NAME
- Personal name: تأليف قندلجي ، عامر ابراهيم/م مشارك:ايمان فاضل
670 ## - SOURCE DATA FOUND
- Source citation: Work cat.: (JO-AjAnu)14270: تأليف قندلجي ، عامر ابراهيم/م مشارك:ايمان فاضل, author, تكنولوجيا المعلومات وتطبيقاتها =information technology and its Application